000 01014nam a22002657a 4500
005 20170123162314.0
010 _aA-845642
020 _c200.00
_a8126002476
035 _aA-845642
037 _bCen Lib/Ret
040 _aDPL
_bUR
082 _aن
_bد گ ل
100 _aدگگل، کرتار سنگھ
_9113725
245 _aاب نہ بسوں اہ گاؤں :
_cکرتار سنگھ دگگل ؛ مترجم رتن سنگھ
_bپنجابی ناول /
246 _aAb na basu ah gaaon : punjabi novel /
_bby Kartar Singh Duggal ; trasleted by Ratan Singh
260 _aنیی دہلی
_bایجوکیشن پبلشنگ ہاؤس
_c1997
270 _bنیی دہلی
_aرویندرا بھوں ٣٥ فیروز شاہ مارگ
_e110001
300 _a486p.
_c21cm(Hb)
650 _aاردو ادب
_9113726
650 _aپنجابی ناول
_9109143
650 _aUrdu literature
_9113727
650 _aPunjabi novel
_96285
700 _aرتن سنگھ
_9113728
942 _2ddc
_cUR
_hن
_mد گ ل
999 _c106599
_d106599